| 000 | 00720nam a22002417a 4500 | ||
|---|---|---|---|
| 005 | 20250724162322.0 | ||
| 008 | 220511b ||||| |||| 00| 0 eng d | ||
| 040 | _cAloy | ||
| 041 | _aeng | ||
| 082 |
_223 _a658.3 _bKUMP |
||
| 100 |
_aVarinder Kumar _9219973 |
||
| 245 | _aPeople management | ||
| 260 |
_aLudhiana: _bKalyani Publishers _c2022 |
||
| 300 |
_a199p. _bPB _c24x18cm. |
||
| 365 |
_2Management _a567 _b156.00 _c₹ _d195.00 _e20% _f09-05-2022 |
||
| 650 |
_aPerformance Management _936123 |
||
| 650 |
_aBuilding Peer Networks _936124 |
||
| 650 |
_aMotivation _936125 |
||
| 650 |
_aEssetials of Communication _936126 |
||
| 650 |
_aSelf Management _936127 |
||
| 650 |
_aNEP II Sem BBA _938516 |
||
| 942 |
_2ddc _cBK |
||
| 999 |
_c222883 _d222883 |
||